La revolución de los medios audiovisuales: educación y nuevas tecnologías

Furkejuvvon:
Bibliográfalaš dieđut
Váldodahkkit: Aparici, Roberto (Dahkki), Bazalgette, Cary (Dahkki), Críticos, Costa (Dahkki), Charles Creel, Mercedes (Dahkki), Davis, Ben (Dahkki), Fuenzalida, Valerio (Dahkki), García Matilla, Agustín (Dahkki), Greenaway, Peter (Dahkki), Gutiérrez Martín, Alfonso (Dahkki), Hermosilla, María Elena (Dahkki), McMahon, Barrie (Dahkki), Morán Costa, Manuel (Dahkki), Prieto Castillo, Daniel (Dahkki), Pungente, John (Dahkki), Quin, Robyn (Dahkki), Rivera, María José (Dahkki), Segovia Aguilar, Blas (Dahkki), Shepherd, Rick (Dahkki), Tyner, Kathleen (Dahkki)
Eará dahkkit: Masterman, Len (autor), Orozco Gómez, Guillermo (autor)
Materiálatiipa: Girji
Giella:espánnjágiella
Almmustuhtton: Madrid De la Torre 1996
Preanttus:2a. ed
Ráidu:Proyecto Didáctico Quirón. Medios de Comunicación y Enseñanza
Fáttát:
Fáddágilkorat: Lasit fáddágilkoriid
Eai fáddágilkorat, Lasit vuosttaš fáddágilkora!

MARC

LEADER 00000nam a2200000 a 4500
001 UCN1805
003 CL-VaPUC
008 010504e19960000SP |||||||||||||||||spa|d
082 0 4 |a 371.33  |b APA  |2 21 
100 0 |a Aparici, Roberto  |e author  |9 457159 
700 0 |a Bazalgette, Cary  |e author  |9 457160 
700 0 |a Críticos, Costa  |e author  |9 457161 
700 0 |a Charles Creel, Mercedes  |e author  |9 457162 
700 0 |a Davis, Ben  |e author  |9 457163 
700 0 |a Fuenzalida, Valerio  |e author  |9 457164 
700 0 |a García Matilla, Agustín  |e author  |9 457165 
700 0 |a Greenaway, Peter  |e author  |9 457166 
700 |a Gutiérrez Martín, Alfonso  |e author  |9 457167 
700 0 |a Hermosilla, María Elena  |e author  |9 457168 
700 |a Masterman, Len  |e autor  |9 570262 
700 0 |a McMahon, Barrie  |e author  |9 457170 
700 0 |a Morán Costa, Manuel  |e author  |9 457171 
700 |a Orozco Gómez, Guillermo  |e autor  |9 536523 
700 0 |a Prieto Castillo, Daniel  |e author  |9 457173 
700 0 |a Pungente, John  |e author  |9 457174 
700 0 |a Quin, Robyn  |e author  |9 457175 
700 0 |a Rivera, María José  |e author  |9 457176 
700 0 |a Segovia Aguilar, Blas  |e author  |9 457177 
700 0 |a Shepherd, Rick  |e author  |9 457178 
700 0 |a Tyner, Kathleen  |e author  |9 457179 
245 1 3 |a La revolución de los medios audiovisuales: educación y nuevas tecnologías 
250 |a 2a. ed 
300 |a 461 p 
942 |c BK 
945 |d 20010504 00:00:00  |a cmena 
260 |a Madrid  |b De la Torre  |c 1996 
650 7 |a MATERIAL AUDIOVISUAL  |2 CL-VaPUC  |9 308466 
650 0 |a Métodos de enseñanza  |9 270413 
650 0 |a Medios de comunicación  |9 257206 
583 |a last modification  |c 20010504 00:00:00  |k Rodrigo Vera 
490 0 |a Proyecto Didáctico Quirón. Medios de Comunicación y Enseñanza 
999 |c 295030  |d 295028 
952 |0 0  |1 0  |4 0  |6 371_330000000000000_APA_1996  |7 0  |8 A  |9 347895  |a BIBEDU  |b BIBEDU  |d 2019-11-20  |i 3697606  |o 371.33 APA 1996  |p 3697606  |r 2019-11-20  |w 2019-11-20  |y BK  |k EPE